[Event "La Roda op 50th"]
[Site "La Roda"]
[Date "2024.03.30"]
[Round "7"]
[White "Peralta, Fernando"]
[Black "Ponce Navalon, Jose"]
[Result "1-0"]
[WhiteElo "2580"]
[BlackElo "2141"]
[PlyCount "49"]
[EventDate "2024.03.27"]
[EventType "swiss"]
[EventRounds "9"]
[EventCountry "ESP"]
[SourceTitle "CB14_2024"]
[SourceDate "2024.04.01"]
[SourceVersion "1"]
[SourceVersionDate "2024.04.01"]
[SourceQuality "1"]

1. d4 d6 2. Nf3 Bg4 3. c4 e5 4. Nc3 Bxf3 5. exf3 exd4 6. Qxd4 Nc6 7. Qd1 Qd7 8. g3 0-0-0 9. Bg2 Qe6+ 10. Be3 Qxc4 11. Bf1 Qe6 12. Nd5 Nge7 13. Bc4 Kb8 14. 0-0 Na5 15. b3 Nxc4 16. bxc4 Qd7 17. Rb1 Nf5 18. Qb3 c5 19. Rb2 Qc6 20. Rfb1 Rd7 21. Qa3 Ne7 22. Nb6 Rc7 23. Bf4 h6 24. Rb3 g5 25. Qxa7+ 1-0

[Event "La Roda op 50th"]
[Site "La Roda"]
[Date "2024.03.27"]
[Round "1"]
[White "Rubio Caceres, Aaron"]
[Black "Peralta, Fernando"]
[Result "0-1"]
[WhiteElo "1882"]
[BlackElo "2580"]
[PlyCount "90"]
[EventDate "2024.03.27"]
[EventType "swiss"]
[EventRounds "9"]
[EventCountry "ESP"]
[SourceTitle "CB14_2024"]
[SourceDate "2024.04.01"]
[SourceVersion "1"]
[SourceVersionDate "2024.04.01"]
[SourceQuality "1"]

1. d4 e6 2. c4 b6 3. Nf3 Bb7 4. a3 Nf6 5. Nc3 d5 6. g3 dxc4 7. Qa4+ Nbd7 8. Qxc4 c5 9. Bg2 a6 10. dxc5 Bxc5 11. 0-0 0-0 12. b4 Be7 13. Bb2 Rc8 14. Qb3 Rc7 15. Rfc1 Qa8 16. Ne1 Bxg2 17. Nxg2 Rfc8 18. Na4 b5 19. Rxc7 Rxc7 20. Nc3 Qb7 21. Nf4 Nb6 22. Nd3 Nc4 23. a4 Nd7 24. axb5 axb5 25. Rc1 h6 26. Qa2 Rc8 27. Qb3 Bg5 28. Ra1 Bf6 29. Rc1 Bg5 30. Ra1 Be7 31. Rc1 e5 32. Nd1 Bg5 33. Rc2 e4 34. Nf4 Bxf4 35. gxf4 Ndb6 36. Ne3 Qd7 37. Nxc4 Nxc4 38. Qc3 Qd1+ 39. Kg2 Ne3+ 40. Qxe3 Rxc2 41. Bd4 Rxe2 42. Qc3 Rc2 43. Qe3 Qg4+ 44. Kf1 Qf3 45. Bc5 Qh1# 0-1

[Event "ARG-ch 98th"]
[Site "Buenos Aires"]
[Date "2023.10.30"]
[Round "3"]
[White "Peralta, Fernando"]
[Black "Gomez, Carlos David"]
[Result "1-0"]
[WhiteElo "2580"]
[BlackElo "2331"]
[PlyCount "99"]
[EventDate "2023.10.28"]
[EventType "tourn"]
[EventRounds "11"]
[EventCountry "ARG"]
[EventCategory "7"]
[SourceTitle "CB46_2023"]
[SourceDate "2023.11.15"]
[SourceVersion "1"]
[SourceVersionDate "2023.11.15"]
[SourceQuality "1"]

1. d4 Nf6 2. c4 e6 3. Nc3 Bb4 4. e3 c5 5. Nge2 d5 6. a3 Ba5 7. dxc5 dxc4 8. Qxd8+ Kxd8 9. Bd2 Nbd7 10. Ng3 Nxc5 11. Bxc4 Ncd7 12. Be2 h5 13. b4 Bb6 14. 0-0 Ne5 15. Nge4 Ke7 16. Nxf6 gxf6 17. Na4 Bd8 18. f4 Nd7 19. Rac1 Rb8 20. b5 Nb6 21. Nc5 Kf8 22. a4 f5 23. Bc3 f6 24. Bf3 Be7 25. Bd4 Kf7 26. Rfd1 Kg6 27. e4 fxe4 28. Bxe4+ Kg7 29. Bf3 Nd5 30. f5 e5 31. Bf2 Nf4 32. Nd7 Ra8 33. Kf1 Re8 34. Be4 Ba3 35. Rc7 Re7 36. Nxf6 Kxf6 37. Bh4+ Kf7 38. Bxe7 Bxe7 39. Rdc1 Bxf5 40. Bxf5 Nd5 41. Rc8 Rxc8 42. Bxc8 b6 43. Bb7 Ne3+ 44. Ke2 Nf5 45. Bd5+ Kf6 46. Rc7 Bc5 47. Rxa7 Bg1 48. Kd3 Bxh2 49. Ra6 Bg1 50. a5 1-0

[Event "FIDE World Cup"]
[Site "Baku"]
[Date "2023.08.01"]
[Round "1.6"]
[White "Nesterov, Arseniy"]
[Black "Peralta, Fernando"]
[Result "1/2-1/2"]
[WhiteElo "2554"]
[BlackElo "2568"]
[PlyCount "91"]
[EventDate "2023.07.30"]
[EventType "k.o."]
[EventRounds "8"]
[EventCountry "AZE"]
[SourceTitle "EXT 2024"]
[Source "ChessBase"]
[SourceDate "2023.10.10"]
[SourceVersion "1"]
[SourceVersionDate "2023.10.10"]
[SourceQuality "1"]

1. d4 Nf6 2. c4 e6 3. Nf3 Bb4+ 4. Bd2 a5 5. g3 b6 6. Bg2 Bb7 7. 0-0 0-0 8. Bf4 Be7 9. Nc3 Ne4 10. Nb5 Na6 11. Qc2 d6 12. Rad1 f5 13. a3 Rb8 14. Nd2 Nxd2 15. Bxd2 Bxg2 16. Kxg2 c6 17. Nc3 Bf6 18. Qd3 e5 19. c5 b5 20. dxe5 Bxe5 21. cxd6 Qxd6 22. Qf3 Qe6 23. Bf4 Bxf4 24. Qxf4 Rbd8 25. Qf3 h6 26. Rxd8 Rxd8 27. Rd1 Rxd1 28. Nxd1 Nc5 29. Ne3 g6 30. g4 fxg4 31. Nxg4 h5 32. Nf6+ Kg7 33. Nxh5+ gxh5 34. Qc3+ Qf6 35. Qxc5 Qxb2 36. Qe7+ Kg6 37. Qe8+ Kg7 38. Qd7+ Kf8 39. Qd8+ Kf7 40. Qd7+ Kf6 41. Qxc6+ Kf5 42. Qc8+ Kg6 43. Qa6+ Kf7 44. Qxa5 Qg7+ 45. Kf1 Qa1+ 46. Kg2 1/2-1/2

[Event "FIDE World Cup"]
[Site "Baku"]
[Date "2023.08.01"]
[Round "1.5"]
[White "Peralta, Fernando"]
[Black "Nesterov, Arseniy"]
[Result "0-1"]
[WhiteElo "2568"]
[BlackElo "2554"]
[PlyCount "88"]
[EventDate "2023.07.30"]
[EventType "k.o."]
[EventRounds "8"]
[EventCountry "AZE"]
[SourceTitle "EXT 2024"]
[Source "ChessBase"]
[SourceDate "2023.10.10"]
[SourceVersion "1"]
[SourceVersionDate "2023.10.10"]
[SourceQuality "1"]

1. d4 d5 2. c4 c6 3. Nf3 Nf6 4. Nc3 e6 5. e3 Nbd7 6. Qc2 Bd6 7. Be2 0-0 8. 0-0 h6 9. b3 b6 10. Bb2 Bb7 11. Rad1 Qe7 12. Rfe1 Rfe8 13. e4 Nxe4 14. Nxe4 dxe4 15. Qxe4 Nf6 16. Qh4 Bb4 17. Nd2 Rad8 18. Bf3 Rd7 19. Re3 Red8 20. Rd3 Nh7 21. Qxe7 Bxe7 22. Be2 c5 23. Nf3 Bxf3 24. Bxf3 Bf6 25. Bc6 Rd6 26. Bb5 Bxd4 27. Bxd4 e5 28. f4 exd4 29. Re1 Kf8 30. a3 g5 31. fxg5 Nxg5 32. b4 Re6 33. Rf1 Ne4 34. Rf4 Nc3 35. Kf1 Re3 36. Rd2 Nxb5 37. cxb5 Rxa3 38. bxc5 bxc5 39. Ke2 Re8+ 40. Kf2 Rb3 41. Ra2 Re7 42. Ra6 Rb2+ 43. Kf3 Re3+ 44. Kg4 Rxg2+ 0-1

[Event "FIDE World Cup"]
[Site "Baku"]
[Date "2023.07.31"]
[Round "1.2"]
[White "Peralta, Fernando"]
[Black "Nesterov, Arseniy"]
[Result "1/2-1/2"]
[WhiteElo "2568"]
[BlackElo "2554"]
[PlyCount "96"]
[EventDate "2023.07.30"]
[EventType "k.o."]
[EventRounds "8"]
[EventCountry "AZE"]
[SourceTitle "EXT 2024"]
[Source "ChessBase"]
[SourceDate "2023.10.10"]
[SourceVersion "1"]
[SourceVersionDate "2023.10.10"]
[SourceQuality "1"]

1. d4 d5 2. c4 e6 3. Nc3 Nf6 4. cxd5 exd5 5. Bg5 c6 6. e3 Be7 7. Bd3 0-0 8. Nge2 Re8 9. 0-0 Nbd7 10. Qc2 Nf8 11. Rae1 Ng6 12. Ng3 Bd7 13. f3 Rc8 14. Qb1 Bf8 15. e4 h6 16. Bxf6 Qxf6 17. e5 Qh4 18. Nce2 Nf4 19. Bh7+ Kh8 20. Bf5 Be6 21. Bxe6 fxe6 22. Kh1 c5 23. Nxf4 Qxf4 24. Nh5 Qg5 25. g4 cxd4 26. a3 Qd2 27. Rd1 Qc2 28. Nf4 Qxb1 29. Rxb1 g5 30. Nd3 Rc2 31. Rbc1 Rc4 32. Rce1 Be7 33. Re2 Kh7 34. Kg2 b5 35. Kg3 a5 36. Ref2 Rf8 37. f4 gxf4+ 38. Rxf4 Rxf4 39. Rxf4 Kg8 40. h4 b4 41. axb4 axb4 42. g5 hxg5 43. hxg5 Kg7 44. Kg4 Rc2 45. Rf2 b3 46. Kh5 Rxf2 47. Nxf2 Bf8 48. Nd3 Kf7 1/2-1/2

[Event "FIDE World Cup"]
[Site "Baku"]
[Date "2023.07.30"]
[Round "1.1"]
[White "Nesterov, Arseniy"]
[Black "Peralta, Fernando"]
[Result "1/2-1/2"]
[WhiteElo "2554"]
[BlackElo "2568"]
[PlyCount "91"]
[EventDate "2023.07.30"]
[EventType "k.o."]
[EventRounds "8"]
[EventCountry "AZE"]
[SourceTitle "EXT 2024"]
[Source "ChessBase"]
[SourceDate "2023.10.10"]
[SourceVersion "1"]
[SourceVersionDate "2023.10.10"]
[SourceQuality "1"]

1. d4 d5 2. c4 e6 3. Nf3 Nf6 4. g3 Bb4+ 5. Bd2 Be7 6. Bg2 0-0 7. 0-0 c6 8. Qc2 Nbd7 9. b3 Ne4 10. Bf4 f5 11. Nc3 g5 12. Be3 Bf6 13. Rad1 Qe7 14. Nxe4 fxe4 15. Ne1 b6 16. f3 exf3 17. Nxf3 Bb7 18. Qd2 g4 19. Ne1 Bg7 20. Nd3 Rxf1+ 21. Rxf1 Rf8 22. Nf2 h5 23. Bg5 Qe8 24. Bh6 Qg6 25. Bxg7 Qxg7 26. Qe3 e5 27. cxd5 cxd5 28. dxe5 Qxe5 29. Qd2 Nc5 30. Rd1 Rd8 31. b4 Ne6 32. Nd3 Qd4+ 33. Kh1 Qg7 34. Nf4 Nxf4 35. Qxf4 d4 36. Bxb7 Qxb7+ 37. Kg1 Qe7 38. a3 a5 39. bxa5 bxa5 40. a4 Rd5 41. e3 Re5 42. Qxd4 Rxe3 43. Qd5+ Kg7 44. Qxa5 Rxg3+ 45. hxg3 Qe3+ 46. Kf1 1/2-1/2

[Event "Benasque op 42nd"]
[Site "Benasque"]
[Date "2023.07.08"]
[Round "5"]
[White "Peralta, Fernando"]
[Black "Prraneeth, Vuppala"]
[Result "1-0"]
[WhiteElo "2568"]
[BlackElo "2486"]
[PlyCount "217"]
[EventDate "2023.07.05"]
[EventType "swiss"]
[EventRounds "9"]
[EventCountry "ESP"]
[SourceTitle "EXT 2024"]
[Source "ChessBase"]
[SourceDate "2023.10.10"]
[SourceVersion "1"]
[SourceVersionDate "2023.10.10"]
[SourceQuality "1"]

1. d4 Nf6 2. c4 e6 3. Nf3 d5 4. Nc3 c5 5. cxd5 cxd4 6. Qxd4 exd5 7. Bg5 Be7 8. e3 0-0 9. Rd1 Be6 10. Bd3 h6 11. Bh4 Nc6 12. Qa4 Qb6 13. Rd2 Rfd8 14. 0-0 Rac8 15. h3 Kf8 16. Ne2 Qb4 17. Qxb4 Nxb4 18. Nfd4 Ne4 19. Bxe7+ Kxe7 20. Rdd1 Nxa2 21. Ra1 Nb4 22. Bxe4 dxe4 23. Rxa7 Bd5 24. Nc3 Rd7 25. Rfa1 Bc6 26. R1a3 Nd3 27. Rb3 Nc5 28. Rb4 g6 29. Rc4 Nd3 30. Nxe4 Nxb2 31. Rc3 Rdc7 32. Nxc6+ bxc6 33. Rxc6 Rxa7 34. Rxc8 Nd3 35. Rc3 Ne5 36. g4 f5 37. gxf5 gxf5 38. Nd2 Ra2 39. Nf1 Ra4 40. f4 Nc4 41. Rc2 Kf7 42. Kf2 Rb4 43. Ng3 Kf6 44. Kf3 Ke6 45. Ra2 Rb6 46. Rc2 Nd6 47. Rc5 Kf6 48. Rd5 Ra6 49. Ne2 Nc4 50. Nd4 Ra5 51. Rxa5 Nxa5 52. Ke2 Nb7 53. Kd3 Nc5+ 54. Ke2 Ne4 55. Nb3 Nc3+ 56. Kf3 Ne4 57. Nd4 Nd2+ 58. Kg3 Nf1+ 59. Kf2 Nd2 60. Ne2 Ne4+ 61. Kf3 Nd2+ 62. Kg2 Nc4 63. Kf2 Nd6 64. Nc3 Nc4 65. Ke2 Ke6 66. Kd3 Nd6 67. Kd4 Ne8 68. Na4 Ng7 69. Nc5+ Kd6 70. Nb7+ Ke6 71. Nd8+ Ke7 72. Nc6+ Kd6 73. Ne5 Ne6+ 74. Kc4 Nd8 75. Nf3 Ne6 76. Nh4 Ng7 77. Ng6 Ne6 78. Ne5 Nd8 79. Nf3 Ne6 80. Nd4 Ng7 81. Nb5+ Ke6 82. Kc5 Nh5 83. Nc7+ Kd7 84. Nb5 Ke6 85. Nd4+ Kf6 86. Ne2 Ke6 87. Kc6 Ng7 88. Nd4+ Ke7 89. Kd5 Kf6 90. Kd6 Ne8+ 91. Kc6 Ng7 92. Kd7 Kf7 93. Kd6 Kf6 94. Ne2 Ne6 95. Nc3 Ng7 96. Nd5+ Kg6 97. Ke5 Kf7 98. Nc7 Kg6 99. Nd5 Kf7 100. h4 h5 101. Nc7 Ke7 102. Nb5 Kf7 103. Nd4 Kg6 104. Kd6 Kf6 105. Kd7 Kf7 106. Nc6 Kf6 107. Nd8 Kg6 108. Ke7 Kh6 109. Ne6 1-0

[Event "Sharjah Masters 6th"]
[Site "Sharjah"]
[Date "2023.05.25"]
[Round "9"]
[White "Vasquez Schroder, Rodrigo Rafael"]
[Black "Peralta, Fernando"]
[Result "1/2-1/2"]
[WhiteElo "2524"]
[BlackElo "2596"]
[PlyCount "41"]
[EventDate "2023.05.17"]
[EventType "swiss"]
[EventRounds "9"]
[EventCountry "UAE"]
[SourceTitle "CBM 215"]
[Source "ChessBase"]
[SourceDate "2023.08.31"]
[SourceVersion "1"]
[SourceVersionDate "2023.08.31"]
[SourceQuality "1"]

1. e4 c6 2. d4 d5 3. Nc3 dxe4 4. Nxe4 Bf5 5. Ng3 Bg6 6. h4 h6 7. h5 Bh7 8. Nf3 e6 9. Bd3 Bxd3 10. Qxd3 Nf6 11. Bd2 Nbd7 12. 0-0-0 Be7 13. Ne4 Qb6 14. Nxf6+ Nxf6 15. Qe2 c5 16. dxc5 Bxc5 17. Bc3 0-0 18. Bxf6 gxf6 19. Rd3 Rad8 20. Rhd1 Rxd3 21. Rxd3 1/2-1/2

[Event "Sharjah Masters 6th"]
[Site "Sharjah"]
[Date "2023.05.22"]
[Round "6"]
[White "Peralta, Fernando"]
[Black "Mishra, Abhimanyu"]
[Result "1/2-1/2"]
[WhiteElo "2596"]
[BlackElo "2550"]
[PlyCount "58"]
[EventDate "2023.05.17"]
[EventType "swiss"]
[EventRounds "9"]
[EventCountry "UAE"]
[SourceTitle "CBM 215"]
[Source "ChessBase"]
[SourceDate "2023.08.31"]
[SourceVersion "1"]
[SourceVersionDate "2023.08.31"]
[SourceQuality "1"]

1. d4 d5 2. c4 c6 3. Nf3 Nf6 4. Nc3 e6 5. e3 Nbd7 6. Bd3 dxc4 7. Bxc4 b5 8. Bd3 Bd6 9. Qc2 Bb7 10. e4 e5 11. Bg5 h6 12. Bh4 Qc7 13. 0-0-0 0-0 14. dxe5 Nxe5 15. Bxf6 gxf6 16. Nh4 Bc8 17. Kb1 Be6 18. Nf5 b4 19. Na4 Bxf5 20. exf5 Rad8 21. Be4 c5 22. Bd5 Rfe8 23. Rhe1 Bf8 24. g3 Nc6 25. Rxe8 Rxe8 26. Nxc5 Nd4 27. Rxd4 Re1+ 28. Rd1 Rxd1+ 29. Qxd1 Bxc5 1/2-1/2

[Event "Sharjah Masters 6th"]
[Site "Sharjah"]
[Date "2023.05.17"]
[Round "1"]
[White "Predke, Alexandr"]
[Black "Peralta, Fernando"]
[Result "1/2-1/2"]
[WhiteElo "2685"]
[BlackElo "2596"]
[PlyCount "77"]
[EventDate "2023.05.17"]
[EventType "swiss"]
[EventRounds "9"]
[EventCountry "UAE"]
[SourceTitle "CBM 215"]
[Source "ChessBase"]
[SourceDate "2023.08.31"]
[SourceVersion "1"]
[SourceVersionDate "2023.08.31"]
[SourceQuality "1"]

1. d4 Nf6 2. c4 e6 3. Nf3 b6 4. g3 Bb7 5. Bg2 Be7 6. Nc3 Ne4 7. Bd2 Bf6 8. Qc2 Nxd2 9. Qxd2 0-0 10. h4 c5 11. d5 exd5 12. Ng5 Bxc3 13. bxc3 h6 14. Bxd5 Bxd5 15. Qxd5 Nc6 16. Ne4 Ne7 17. Qe5 f6 18. Qf4 d5 19. Rd1 f5 20. Nd2 Qe8 21. h5 Rd8 22. Nf3 Qa4 23. Qe3 Qxc4 24. Qe6+ Kh7 25. Ne5 Qxc3+ 26. Kf1 Rde8 27. Nd7 Rg8 28. Rd3 Qc2 29. Ne5 Qc1+ 30. Kg2 Qg5 31. Nd7 Nc8 32. Qxd5 Rxe2 33. Rf3 Rd2 34. Qf7 Nd6 35. Nf8+ Kh8 36. Ng6+ Kh7 37. Nf8+ Kh8 38. Ng6+ Kh7 39. Nf8+ 1/2-1/2

[Event "Sunway Formentera op 2nd"]
[Site "Sant Ferran de ses Roques"]
[Date "2023.04.22"]
[Round "5"]
[White "Raja, Rithvik R"]
[Black "Peralta, Fernando"]
[Result "1-0"]
[WhiteElo "2472"]
[BlackElo "2592"]
[PlyCount "121"]
[EventDate "2023.04.18"]
[EventType "swiss"]
[EventRounds "10"]
[EventCountry "ESP"]
[SourceTitle "CBM 213 Extra"]
[Source "ChessBase"]
[SourceDate "2023.05.31"]
[SourceVersion "1"]
[SourceVersionDate "2023.05.31"]
[SourceQuality "1"]

1. d4 Nf6 2. c4 e6 3. Nf3 b6 4. g3 Bb7 5. Bg2 Be7 6. 0-0 0-0 7. Nc3 Ne4 8. Bd2 Nxd2 9. Qxd2 d6 10. e4 Nd7 11. Rad1 a6 12. b3 c5 13. e5 cxd4 14. Qxd4 Nxe5 15. Nxe5 Bxg2 16. Nxf7 Rxf7 17. Kxg2 Bf6 18. Qe3 Bxc3 19. Qxc3 Qc7 20. Qd4 Qc6+ 21. Kg1 Rd8 22. Rfe1 Rf6 23. Rd2 h6 24. Re3 Kf7 25. a4 Qc5 26. Qe4 Kg8 27. Red3 a5 28. Rd4 Kh8 29. Qe3 Qc6 30. Re4 d5 31. Re5 Rdf8 32. cxd5 exd5 33. Rexd5 Re6 34. Qd3 Re1+ 35. Kg2 Rc1 36. Qb5 Qf6 37. R5d3 Rc5 38. Qd7 Rf5 39. f4 Qa1 40. Qd4 Qe1 41. Qxb6 Qe4+ 42. Rf3 Rd5 43. Rxd5 Qxd5 44. Qe3 Rd8 45. f5 Rd6 46. Kh3 Kh7 47. Rf2 Rf6 48. Qf3 Qd7 49. Kg2 Qd4 50. h4 Rb6 51. Rc2 Rf6 52. Re2 Qc5 53. g4 Qc1 54. Qe4 Qc8 55. Rf2 Kh8 56. g5 Rb6 57. Re2 Rb8 58. gxh6 gxh6 59. Qe5+ Kh7 60. Qe7+ Kg8 61. Kh2 1-0

[Event "Sunway Formentera op 2nd"]
[Site "Sant Ferran de ses Roques"]
[Date "2023.04.21"]
[Round "4"]
[White "Peralta, Fernando"]
[Black "Krishnan, Ritvik"]
[Result "1/2-1/2"]
[WhiteElo "2592"]
[BlackElo "2004"]
[PlyCount "152"]
[EventDate "2023.04.18"]
[EventType "swiss"]
[EventRounds "10"]
[EventCountry "ESP"]
[SourceTitle "CBM 213 Extra"]
[Source "ChessBase"]
[SourceDate "2023.05.31"]
[SourceVersion "1"]
[SourceVersionDate "2023.05.31"]
[SourceQuality "1"]

1. d4 Nf6 2. c4 e6 3. Nf3 d5 4. Nc3 c5 5. e3 Nc6 6. cxd5 Nxd5 7. Bd3 Be7 8. 0-0 0-0 9. a3 cxd4 10. exd4 Bf6 11. Bc2 b6 12. Qd3 g6 13. Bh6 Bg7 14. Bg5 Qd7 15. Rad1 Bb7 16. Ne4 h6 17. Bc1 Qc7 18. Bb3 a5 19. Rfe1 Ba6 20. Qb1 Rfd8 21. Nc3 Nxc3 22. bxc3 Ne7 23. Ne5 Nd5 24. Bd2 Nxc3 25. Bxc3 Bxe5 26. Rxe5 Qxc3 27. Rxe6 Kg7 28. Re7 Rf8 29. d5 Rad8 30. d6 Qf6 31. Ra7 Be2 32. Rd2 Bf3 33. Qb2 Qxb2 34. Rxb2 Bc6 35. Rd2 Rd7 36. Ra6 Rb8 37. Bc4 Kf6 38. f3 Ke5 39. Kf2 g5 40. Rb2 Kxd6 41. Rxa5 bxa5 42. Rxb8 Kc5 43. Be2 Rd2 44. Ke1 Ra2 45. Rb3 f5 46. Rc3+ Kd6 47. g3 f4 48. gxf4 gxf4 49. h4 Ra1+ 50. Kd2 Ra2+ 51. Ke1 h5 52. Rd3+ Ke5 53. Rc3 Kd6 54. Rd3+ Ke5 55. Rc3 Bd5 56. Rc5 Rxa3 57. Bc4 Kd4 58. Rxd5+ Kxc4 59. Rf5 Kd4 60. Rxf4+ Ke3 61. Re4+ Kxf3 62. Re5 Ra1+ 63. Kd2 Kg4 64. Ke2 a4 65. Kf2 Kh3 66. Re3+ Kh2 67. Kf3 a3 68. Re2+ Kh3 69. Kf4 Rf1+ 70. Kg5 Kg3 71. Ra2 Rf3 72. Kxh5 Kf4 73. Kg6 Rb3 74. h5 Rb6+ 75. Kg7 Ra6 76. h6 Ke5 1/2-1/2

[Event "Catalunya-chT Gp1"]
[Site "Barcelona"]
[Date "2023.03.04"]
[Round "7.2"]
[White "Peralta, Fernando"]
[Black "Rahal, Michael"]
[Result "1-0"]
[WhiteElo "2596"]
[BlackElo "2331"]
[PlyCount "61"]
[EventDate "2023.01.21"]
[EventType "team-tourn"]
[EventRounds "7"]
[EventCountry "ESP"]
[SourceTitle "CBM 213 Extra"]
[Source "ChessBase"]
[SourceDate "2023.05.31"]
[SourceVersion "1"]
[SourceVersionDate "2023.05.31"]
[SourceQuality "1"]
[WhiteTeam "Valls"]
[BlackTeam "Ateneu Colon"]
[WhiteTeamCountry "ESP"]
[BlackTeamCountry "ESP"]

1. d4 g6 2. c4 Bg7 3. e4 d6 4. Nc3 e5 5. Nf3 exd4 6. Nxd4 Ne7 7. Be2 Nbc6 8. Be3 0-0 9. 0-0 f5 10. Qd2 Nxd4 11. Bxd4 Bxd4 12. Qxd4 Be6 13. f4 Nc6 14. Qd2 Qf6 15. Rad1 Rae8 16. b3 Kh8 17. Bf3 fxe4 18. Bxe4 Bg4 19. Nd5 Qg7 20. Bf3 Bxf3 21. Rxf3 Re4 22. Re3 Rfe8 23. Rde1 Rxe3 24. Rxe3 Rxe3 25. Qxe3 Qa1+ 26. Kf2 Qxa2+ 27. Kg3 Qb1 28. Nxc7 Qd1 29. h3 Nd4 30. Kh2 Ne2 31. Nd5 1-0